000
00208nam a22000977a 4500
003
OSt
008
200922b ||||| |||| 00| 0 eng d
100
_a
Thomas, C. J
_9
4324
245
_a
Vishavriksham
942
_c
BK
999
_c
16339
_d
16339